Responses for show #3650 - Friday, June 16, 2000

Contestants

[<< previous game]

John Edkins, a contract administrator from San Diego, California

Gregg Fanselau, a paralegal originally from Denver, Colorado

Meg Smath, a geologic editor from Nicholasville, Kentucky (whose 1-day cash winnings total $5,200)

[next game >>]

Jeopardy! Round responses

LITERARY TRILOGIES
TV ACTORS & ACTRESSES
COUNTRIES IN GERMAN
LET'S PLAY MAH-JONGG
"BO" KNOWS
MISCELLANEOUS
    $100 22
Merlin

Gregg
    $100 1
Jason Alexander

Gregg
    $100 2
Scotland

John
    $100 16
Chinese

Gregg
    $100 7
Bogota

Gregg
    $100 17
Amelia Earhart

Gregg
    $200 23
"The Good Earth"

Meg
    $200 11
All My Children

Meg
    $200 3
Switzerland

Gregg
    $200 27
1920s

Meg
    $200 8
Anne Boleyn

Gregg
    $200 18
(J: Who is Faulkner?)

William Shakespeare

MegJohn
    $300 24
(J: What is World War I?)

World War II

GreggJohn
    $300 12
Just Shoot Me!

John
    $300 4
France

Gregg
    $300 28
North, south, east & west

Gregg
    $300 9
Boulder, Colorado

Meg
    $300 19
(Alex: You didn't have to put it on your head, by the way; you can put it anywhere on your body!)

Mikhail Gorbachev

Gregg
    $400 25
(G: Who is Nathaniel Hawthorne?)
(less than a minute to go...)

James Fenimore Cooper

GreggJohn
    $400 13
Judy Garland

Gregg
    $400 5
Hungary

John
    $400 29
Heaven

Gregg
    $500 10
(M: I have no idea.)

Andrea Bocelli

Meg
    $400 20
Queen Elizabeth II

Gregg
    $500 26
Ontario

John
    $500 14
Mia Farrow

Gregg
    $500 6
Greece

Gregg
    $500 30
Kong

Triple Stumper
    $500 15
Giovanni Boccaccio

John
    $500 21
(M: Who is Marilyn Monroe?)

Mae West

Meg
Triple Stumper

Scores at the first commercial break (after clue 16):

Meg Gregg John
$0 $2,400 $1,300

Scores at the end of the Jeopardy! Round:

Meg Gregg John
$100 $3,900 $1,700

Double Jeopardy! Round responses

20th CENTURY EUROPE
LONG RUNS ON BROADWAY
SCIENCE & NATURE
COLLEGE TOWNS
NUMBER, PLEASE
MISSILE-ANEOUS
    $200 4
East Germany

Gregg
    $200 9
"Cats"

Meg
    $200 1
Oak

John
    $200 14
Milwaukee

Gregg
    $200 21
0

Gregg
    $200 26
Beanball

Gregg
    $400 5
Neutrality

John
    $400 10
"My Fair Lady"

John
    $400 2
Fermium

John
    $400 17
Chicago

Meg
    $400 22
70

John
    $400 27
(Gregg: What are Jarts?)
[Initially ruled incorrect; reversed before Final Jeopardy! "because 'Jarts' was a brand name for lawn darts"]

lawn darts

MegGregg
    $600 6
Free French

Meg
    $600 11
Les Mis

Meg
    $600 3
Slate

Gregg
    $600 18
Orlando

Gregg
    $600 23
9

Gregg
    $600 28
Pie in the face

Gregg
    $2,000 15
Portugal

Gregg
    $800 12
"Hello, Dolly!"

Meg
    $700 7
Pangaea

Meg
    $800 19
Charlotte Amalie

Triple Stumper
    $800 24
8

Gregg
    $800 29
Playing card

Triple Stumper
    $1000 16
Baltic Sea

John
    $1000 13
"Abie's Irish Rose"

Gregg
    $1000 8
Sulfur-bottomed whale

Triple Stumper
    $1000 20
Philadelphia

Gregg
    $1000 25
1100

Gregg
    $1000 30
Star

Meg

Scores at the end of the Double Jeopardy! Round:

Meg Gregg John
$4,800 $13,300 $4,500
(lock game)

[wagering suggestions for these scores]

Final Jeopardy! Round responses

RECENT MOVIES
(Alex: The Rubin "Hurricane" Carter story.)
JohnWhat is Raging Bull
$4,300
MegWhat is "Raging Bull"?
$601
GreggWhat is "When We Were Kings"?
$3,699
The Hurricane

Final scores:

Meg Gregg John
$4,199 $9,601 $200
2nd place: Trip to Paradise Island Resort, Bahamas New champion: $9,601 3rd place: Lobster Gram Gift Certificate

Game dynamics:

Coryat scores:

Meg Gregg John
$5,400 $12,100 $4,500
13 R
(including 1 DD),
2 W
(including 1 DD)
30 R
(including 1 DD),
1 W
12 R,
2 W

Combined Coryat: $22,000

The J! Archive is created by fans, for fans. The Jeopardy! game show and all elements thereof, including but not limited to copyright and trademark thereto, are the property of Jeopardy Productions, Inc. and are protected under law. This website is not affiliated with, sponsored by, or operated by Jeopardy Productions, Inc. Join the discussion at JBoard.tv.